| 000 | 01269nam a22002537a 4500 | ||
|---|---|---|---|
| 003 | Uzh_bibl | ||
| 008 | 260423b |||||||| |||| 00| 0 ukr d | ||
| 020 |
_a5-7707-6486-4 _c2.13 |
||
| 040 | _bукр. | ||
| 041 |
_2ukr _aukr |
||
| 080 | _a94(477) | ||
| 090 |
_a94(477) _bБ 75 |
||
| 100 | _aБоєчко,Василь | ||
| 245 |
_aКордони України: історична ретроспектива та сучасний стан _hТекст |
||
| 260 |
_aКиїв _bОснови _c1994 |
||
| 300 |
_a168 с. _fВ опр. |
||
| 520 | _aУ книжці розглядаються питання формування державних кордонів України в ХХ столітті, подаються маловідомі історичні документи часів Української Народної Республіки, Гетьманату та радянського періоду. | ||
| 521 | _aДля широкого кола читачів | ||
| 546 | _aукр. | ||
| 650 |
_aНауково-популярне видання _vІсторична література |
||
| 653 |
_aРадянський період _aУНР _aГетьманщина |
||
| 700 | _aГанжа О., Захарчук Б. | ||
| 942 |
_2udc _cBK |
||
| 999 |
_c17506 _d17506 |
||